000 00379nam a22001217a 4500
082 _a220 PRO
100 _aTALHA,SAIFULLAH,FARRUKH,YASIR,DR MUHAMMAD SALMAN
_971756
245 _aPR-SOF-1201-DESIGN AND DEVELOPMENT OF CURVE TRACER l
260 _aISLAMABAD
_bNUST COLLEGE OF EME
_c2012
650 _a DE-ELECT-30
_971757
700 _aLt Col Dr.MUHAMMAD SALMAN
_971758
942 _cCR
999 _c578103
_d578103